书目信息 |
| 题名: |
景观生态学
|
|
| 作者: | 肖笃宁 编 | |
| 分册: | ||
| 出版信息: | 北京 科学出版社 2003.30 |
|
| 页数: | ||
| 开本: | 16开 | |
| 丛书名: | ||
| 单 册: | ||
| 中图分类: | X144 | |
| 科图分类: | ||
| 主题词: | 环境地学 | |
| 电子资源: | ||
| ISBN: | 7-03-010628-8 | |
| 000 | 00506nam0 2200181 450 | |
| 001 | 0736196517 | |
| 005 | 20070924100316.51 | |
| 010 | @a7-03-010628-8@d¥26.00 | |
| 100 | @a20070924d km y0chiy0120 ea | |
| 101 | 0 | @achi |
| 200 | 1 | @a景观生态学@Ajing guan sheng tai xue@f肖笃宁 等编@Fxiao du ning deng bian |
| 210 | @a北京@c科学出版社@d2003.30 | |
| 215 | @d16开 | |
| 606 | 0 | @a环境地学 |
| 690 | @aX144@v3 | |
| 701 | 0 | @a肖笃宁@Axiao du ning@4编 |
| 801 | 0 | @aCN@bPFT@c20070924 |
| 905 | @a213230@dX144@eZY142@f1 | |
| 景观生态学/肖笃宁 等编.-北京:科学出版社,2003.30 |
| 16开 |
| ISBN 7-03-010628-8:¥26.00 |
| ● |
| 相关链接 |
|
|
|
|
正题名:景观生态学
索取号:X144/ZY142
 
预约/预借
| 序号 | 登录号 | 条形码 | 馆藏地/架位号 | 状态 | 备注 |
| 1 | 7902526 | 279025261 | 资源管理系资料室/ [索取号:X144/ZY142] | 在馆 |